[Event "34th Chess Olympiad (women)"]
[Site "Istanbul"]
[Date "2000.11.12"]
[Round "14.24.3"]
[White "Jensen, Christine"]
[Black "Arnetta, Maria"]
[WhiteElo "2030"]
[BlackElo "2000"]
[WhiteCountry "DEN"]
[BlackCountry "ITA"]
[Result "0-1"]

1. d4 Nf6 2. c4 e6 3. Nf3 Bb4+ 4. Bd2 Qe7 5. Nc3 b6 6. e3 Bb7 7. Bd3 O-O 
8. O-O d6 9. Re1 e5 10. e4 c5 11. dxe5 dxe5 12. Nd5 Qd6 13. Bxb4 cxb4 
14. Qd2 a5 15. Qg5 Nbd7 16. Re3 Rfe8 17. Nh4 Nxd5 18. exd5 Qf6 19. Qf5 Qxf5 
20. Nxf5 Ba6 21. Nd6 Re7 22. Rae1 g6 23. f4 f6 24. b3 Rd8 25. fxe5 Nxe5 
26. Ne4 Kg7 27. Bc2 Bc8 28. Nf2 Rde8 29. Kf1 Kf7 30. Nd3 Nxd3 31. Rxe7+ Rxe7 
32. Rxe7+ Kxe7 33. Bxd3 Kd6 34. Ke2 Bd7 35. Ke3 Ke5 36. h4 f5 37. g3 h6 
38. Be2 g5 39. hxg5 hxg5 40. Bd1 b5 41. Bf3 bxc4 42. bxc4 a4 43. Kd3 f4 
44. gxf4+ Kxf4 45. Bh1 Bf5+ 46. Kd4 a3 47. d6 b3 48. Be4 bxa2 
0-1

[Event "34th Chess Olympiad (women)"]
[Site "Istanbul"]
[Date "2000.11.12"]
[Round "14.25.1"]
[White "Hamid, Rani"]
[Black "Hagesaether, Ellen"]
[WhiteElo "2106"]
[BlackElo "2044"]
[WhiteCountry "BAN"]
[BlackCountry "NOR"]
[Result "1-0"]

1. e4 d6 2. d4 Nf6 3. Nc3 g6 4. f4 Bg7 5. Nf3 O-O 6. Bd3 c5 7. dxc5 dxc5 
8. O-O Nc6 9. e5 Nd5 10. Nxd5 Qxd5 11. c4 Qd8 12. Be3 Nd4 13. Bxd4 cxd4 
14. Be4 f6 15. Qxd4 Qxd4+ 16. Nxd4 fxe5 17. Bd5+ Kh8 18. fxe5 Bg4 
19. Rae1 Rxf1+ 20. Kxf1 Rf8+ 21. Kg1 Rf4 22. Nb5 a6 23. Nc7 Rf5 24. h3 Rxe5 
25. Rxe5 Bxe5 26. hxg4 Bxc7 27. Bxb7 a5 28. Kf2 Kg7 29. Ke3 Kf6 30. Ke4 Ke6 
31. c5 Kd7 32. Kd5 e6+ 33. Kc4 Be5 34. b4 axb4 35. Kxb4 Kc7 36. Be4 Kb8 
37. Kb5 Bc7 38. Kc6 h5 39. g5 h4 40. Kd7 
1-0

[Event "34th Chess Olympiad (women)"]
[Site "Istanbul"]
[Date "2000.11.12"]
[Round "14.25.2"]
[White "Berntsen, Sheila Barth"]
[Black "Sultana, Zakia"]
[WhiteElo "2094"]
[BlackElo "2044"]
[WhiteCountry "NOR"]
[BlackCountry "BAN"]
[Result "1-0"]

1. e4 e6 2. d3 d5 3. Nd2 c5 4. Ngf3 Nc6 5. g3 Nf6 6. Bg2 Be7 7. O-O O-O 
8. Re1 Qc7 9. h4 b6 10. Nf1 Bb7 11. e5 Nd7 12. Bf4 Rfe8 13. N1h2 Bf8 
14. Ng4 Qd8 15. Qd2 Be7 16. Ng5 Nf8 17. Nh3 Nd4 18. c3 Nf5 19. Qe2 Ba6 
20. Rad1 Ng6 21. Bc1 Rb8 22. Nh2 Bb7 23. Bf1 d4 24. c4 Qc7 25. Bg2 Bxg2 
26. Kxg2 Qb7+ 27. Kg1 a6 28. h5 Nf8 29. g4 Nh4 30. f3 f6 31. Qf2 fxe5 
32. Bg5 Nhg6 33. hxg6 Nxg6 34. Bxe7 Qxe7 35. Qg3 Rf8 36. Re4 Qf6 37. Rf1 Nf4 
38. Nxf4 exf4 39. Qe1 Rfe8 40. Rf2 Re7 41. Re5 g5 42. Qe4 Kg7 43. Re2 Rbe8 
44. Qc6 Qg6 45. R2e4 h5 46. Qxb6 hxg4 47. Qxc5 Kh6 48. Nxg4+ Kh5 49. Re2 Qxd3 
50. Rh2+ Kg6 51. Rxg5+ Kf7 52. Nh6+ 
1-0

[Event "34th Chess Olympiad (women)"]
[Site "Istanbul"]
[Date "2000.11.12"]
[Round "14.25.3"]
[White "Khan, Nazrana"]
[Black "Johnsen, Sylvia"]
[WhiteElo "2000"]
[BlackElo "2049"]
[WhiteCountry "BAN"]
[BlackCountry "NOR"]
[Result "1-0"]

1. d4 g6 2. c4 Bg7 3. e3 Nf6 4. Nc3 d6 5. Nf3 O-O 6. Be2 Nbd7 7. O-O c6 
8. Qc2 e5 9. Rd1 Qc7 10. b3 Re8 11. Ba3 Bf8 12. Rac1 a6 13. dxe5 Nxe5 
14. Qd2 c5 15. h3 Bd7 16. Bb2 Bc6 17. Nd5 Nxd5 18. cxd5 Bd7 19. Nxe5 dxe5 
20. d6 Qb6 21. Qd5 Bg7 22. Qxc5 Qxc5 23. Rxc5 Bc6 24. Bc3 e4 25. Ba5 Bf6 
26. d7 Rf8 27. a4 Kg7 28. f3 Bd8 29. Bb4 a5 30. Rxc6 axb4 31. Rc8 Bb6 
32. Rxa8 Rxa8 33. Kf2 exf3 34. Bxf3 Bd8 35. Bxb7 Ra7 36. Bc8 Kf6 37. Rd4 Ke7 
38. Rxb4 f5 39. Rh4 h5 40. Rd4 Ra5 41. Ke2 Bb6 42. Rb4 Bc7 43. Rc4 Bd8 
44. g4 Kd6 45. gxh5 gxh5 46. Rf4 h4 47. Kd3 Kc6 48. Rf2 Rd5+ 49. Ke2 Kc5 
50. Rf4 Bg5 51. b4+ Kc6 52. Rf3 Bd8 53. Rf1 Re5 54. Kd3 Rd5+ 55. Kc4 Re5 
56. Kd3 Rd5+ 57. Ke2 Re5 58. Rc1+ Kd6 59. Rd1+ Kc7 60. a5 f4 61. Rd3 fxe3 
62. a6 Kb6 63. Bb7 Rb5 64. Rd4 Re5 65. Rc4 Re7 66. Rc6+ Ka7 67. Rd6 Re5 
68. Rh6 Re7 69. Bc8 Re4 70. Rh8 
1-0

[Event "34th Chess Olympiad (women)"]
[Site "Istanbul"]
[Date "2000.11.12"]
[Round "14.26.1"]
[White "Charest, Johanne"]
[Black "Fierro, Martha"]
[WhiteElo "2136"]
[BlackElo "2338"]
[WhiteCountry "CAN"]
[BlackCountry "ECU"]
[Result "0-1"]

1. e4 g6 2. f4 Bg7 3. Nf3 c6 4. Nc3 d5 5. d3 Bxc3+ 6. bxc3 dxe4 7. dxe4 Qxd1+ 
8. Kxd1 Bg4 9. Bc4 Nf6 10. Re1 Nbd7 11. h3 Bxf3+ 12. gxf3 O-O-O 13. Ke2 e6 
14. Be3 Nh5 15. Kf2 Kb8 16. Red1 Nb6 17. Rxd8+ Rxd8 18. Bd3 f5 19. Rf1 Kc7 
20. Bc1 Na4 21. Bd2 Nc5 22. Ke3 Rd7 23. Bc1 b5 24. Be2 fxe4 25. fxe4 Ng3 
26. Rd1 Nxe2 27. Rxd7+ Kxd7 28. Kxe2 Nxe4 29. Bb2 Kd6 30. h4 Kd5 31. Ke3 Nd6 
0-1

[Event "34th Chess Olympiad (women)"]
[Site "Istanbul"]
[Date "2000.11.12"]
[Round "14.26.2"]
[White "Vasquez, Rocio"]
[Black "Belc, Daniela"]
[WhiteElo "2235"]
[BlackElo "2073"]
[WhiteCountry "ECU"]
[BlackCountry "CAN"]
[Result "1-0"]

1. e4 c5 2. Nf3 Nc6 3. d4 cxd4 4. Nxd4 Nf6 5. Nc3 g6 6. Be2 Bg7 7. Be3 d5 
8. Bb5 Bd7 9. exd5 Nxd4 10. Bxd7+ Qxd7 11. Bxd4 O-O 12. O-O Rfd8 13. Re1 b5 
14. a3 Nxd5 15. Bxg7 Kxg7 16. Qd4+ Kg8 17. Rad1 e6 18. Re5 Rac8 19. Nxd5 exd5 
20. c3 Re8 21. Qxd5 Qg4 22. Rd4 Rxe5 23. Qxe5 Qe6 24. Qxe6 fxe6 25. Rd7 a5 
26. Rb7 Rd8 27. Kf1 Rd5 28. Ke2 Rc5 29. Kd3 Rf5 30. f3 Rd5+ 31. Ke4 h6 
32. g4 h5 33. gxh5 Rxh5 34. b4 axb4 35. axb4 Kf8 36. f4 Kg8 37. Re7 Rxh2 
38. Rxe6 Kf7 39. Rc6 Rh5 40. Rc5 Ke6 41. Kd4 Kd6 42. Rg5 Rh6 43. Rxb5 Rh4 
44. Rb6+ Kc7 45. Rxg6 Rxf4+ 46. Kc5 Rf5+ 47. Kc4 Rf4+ 48. Kb3 Rf3 49. b5 Rh3 
50. Kb4 Rh4+ 51. c4 Rf4 52. b6+ Kb7 53. Kb5 Rf1 54. Rg7+ Kb8 55. c5 Rf5 
56. b7 Rh5 57. Kb6 Rg5 58. Rd7 Rd5 59. Kc6 
1-0

[Event "34th Chess Olympiad (women)"]
[Site "Istanbul"]
[Date "2000.11.12"]
[Round "14.26.3"]
[White "Chu, Stefanie"]
[Black "Alcivar, Ingrid"]
[WhiteElo "2020"]
[BlackElo "2127"]
[WhiteCountry "CAN"]
[BlackCountry "ECU"]
[Result "1-0"]

1. e4 e5 2. Nf3 Nc6 3. Bb5 d6 4. d4 exd4 5. Nxd4 Bd7 6. O-O Ne5 7. f4 Ng6 
8. b3 h5 9. Bb2 Bxb5 10. Nxb5 Qd7 11. Qe2 a6 12. Nd4 O-O-O 13. c4 Nf6 
14. Nc3 h4 15. Nd5 Nh5 16. b4 Re8 17. Qf3 Ne7 18. a4 f6 19. a5 Nxd5 
20. exd5 Rh6 21. b5 axb5 22. cxb5 Kb8 23. b6 Rc8 24. Nc6+ bxc6 25. dxc6 Qf5 
26. b7 Qc5+ 27. Rf2 Re8 28. a6 Qa7 29. Qd5 Nxf4 30. Qd4 Ne6 31. Qxa7+ Kxa7 
32. Re2 Rh5 33. Bd4+ Rc5 34. Bxc5+ dxc5 35. Rae1 c4 36. Rxe6 Bc5+ 37. Kf1 Rd8 
38. Re8 
1-0

[Event "34th Chess Olympiad (women)"]
[Site "Istanbul"]
[Date "2000.11.12"]
[Round "14.27.1"]
[White "Ostry, Irina"]
[Black "Mahini, Mona"]
[WhiteElo "2238"]
[BlackElo "2018"]
[WhiteCountry "KGZ"]
[BlackCountry "IRI"]
[Result "1-0"]

1. e4 c5 2. Nf3 d6 3. c3 Nf6 4. h3 Nc6 5. Bd3 g6 6. O-O Bg7 7. Bc2 Qc7 8. a3 c4 
9. d3 cxd3 10. Bxd3 O-O 11. Bf4 Nh5 12. Be3 Ne5 13. Nxe5 dxe5 14. Nd2 Be6 
15. Be2 Nf4 16. Bxf4 exf4 17. Bg4 Bxg4 18. Qxg4 Rad8 19. Rfd1 Rd3 20. Nf1 Rfd8 
21. Rxd3 Rxd3 22. Rd1 Rxd1 23. Qxd1 Be5 24. Qd3 Qd6 25. Qxd6 Bxd6 26. Nd2 Kg7 
27. Kf1 Kf6 28. Ke2 e5 29. b4 Ke6 30. Kd3 f5 31. f3 Be7 32. Nb3 b6 33. a4 g5 
34. a5 h5 35. axb6 axb6 36. Nd2 fxe4+ 37. Kxe4 b5 38. Nb1 g4 39. hxg4 hxg4 
40. Na3 gxf3 41. gxf3 Kd6 42. Nxb5+ Kc6 43. Na3 Bd6 44. Nc4 
1-0

[Event "34th Chess Olympiad (women)"]
[Site "Istanbul"]
[Date "2000.11.12"]
[Round "14.27.2"]
[White "Pourkashiyan, Atousa"]
[Black "Korsakova, Tatiana"]
[WhiteElo "2000"]
[BlackElo "2035"]
[WhiteCountry "IRI"]
[BlackCountry "KGZ"]
[Result "1-0"]

1. e4 c5 2. Nf3 Nf6 3. Nc3 d5 4. exd5 Nxd5 5. Be2 e6 6. O-O Be7 7. Nxd5 Qxd5 
8. d4 O-O 9. dxc5 Qxd1 10. Rxd1 Bxc5 11. Bf4 Nd7 12. Ne5 Nb6 13. Bf3 f6 
14. Nd3 Be7 15. Bc7 Nc4 16. b3 Nd6 17. c4 Ne8 18. Bg3 Bd6 19. Bxd6 Nxd6 
20. Nc5 Rd8 21. Ne4 Nf7 22. Rxd8+ Nxd8 23. Rd1 Nc6 24. Nd6 Kf8 25. Bxc6 bxc6 
26. Nxc8 Rxc8 27. Rd7 Ra8 28. Rd6 a5 29. Rxc6 a4 30. b4 Rd8 31. g3 Rd2 
32. a3 Rd3 33. b5 Rxa3 34. Ra6 Ra1+ 35. Kg2 a3 36. b6 a2 37. c5 Ke8 38. b7 Rb1 
39. c6 Kd8 40. Rxa2 Kc7 41. Ra8 
1-0

[Event "34th Chess Olympiad (women)"]
[Site "Istanbul"]
[Date "2000.11.12"]
[Round "14.27.3"]
[White "Lim, Greta"]
[Black "Navabi, Shirin"]
[WhiteElo "2000"]
[BlackElo "2007"]
[WhiteCountry "KGZ"]
[BlackCountry "IRI"]
[Result "1/2-1/2"]

1. d4 Nf6 2. c4 e6 3. e3 b6 4. Nf3 Bb7 5. Bd3 Bb4+ 6. Bd2 Qe7 7. Qc2 Bxd2+ 
8. Nbxd2 d6 9. O-O Nbd7 10. e4 e5 11. Rad1 O-O 12. Rfe1 Nh5 13. g3 Qf6 
14. d5 Nc5 15. Bf1 a5 16. b3 Bc8 17. a3 Bd7 18. Ra1 Qe7 19. Nh4 g6 20. b4 Nb7 
21. Bd3 Ng7 22. Ng2 f5 23. f4 fxe4 24. Nxe4 axb4 25. axb4 Rxa1 26. Rxa1 Nf5 
27. Ra7 Bc8 28. Ng5 exf4 29. gxf4 Nd8 30. Qe2 Qg7 31. Qe4 h6 32. Ne6 Bxe6 
33. dxe6 Re8 34. c5 bxc5 35. bxc5 dxc5 36. Bc4 Qd4+ 37. Qxd4 cxd4 38. e7+ Nf7 
39. Rxc7 Rxe7 40. Rxe7 Nxe7 41. Kf2 Kg7 42. Ke2 Nd6 43. Ba2 Nef5 44. Kd3 Kf6 
45. Ne1 Ne3 46. Kxd4 Ng4 47. Nf3 Nf5+ 48. Kd3 Nf2+ 49. Ke2 Nh3 50. Bb1 Nxf4+ 
51. Kf2 Nh3+ 52. Kg2 Nf4+ 53. Kf2 g5 54. Nd2 g4 55. Nf1 Nh3+ 56. Kg2 Nh4+ 
57. Kg3 Kg5 58. Nd2 Nf5+ 59. Bxf5 Kxf5 60. Nf1 Kg5 61. Nd2 h5 62. Ne4+ Kf5 
63. Nd6+ Ke6 64. Kh4 Nf4 65. Ne4 Kf5 66. Ng3+ Kg6 67. Nxh5 Nxh5 68. Kxg4 Kh6 
1/2-1/2

[Event "34th Chess Olympiad (women)"]
[Site "Istanbul"]
[Date "2000.11.12"]
[Round "14.28.2"]
[White "Zakiah, Al"]
[Black "Guerrero, Alejandra"]
[WhiteElo "2000"]
[BlackElo "2171"]
[WhiteCountry "INA"]
[BlackCountry "MEX"]
[Result "1/2-1/2"]

1. d4 d5 2. c4 e6 3. Nc3 Nf6 4. Bg5 Be7 5. Nf3 h6 6. Bh4 b6 7. e3 Bb7 
8. Be2 Nbd7 9. Rc1 O-O 10. O-O c5 11. Qa4 dxc4 12. Rfd1 Ne4 13. Bxe7 Qxe7 
14. Nxe4 Bxe4 15. Nd2 Bb7 16. Nxc4 cxd4 17. Rxd4 Nc5 18. Qd1 e5 19. Rd2 Qg5 
20. g3 Rad8 21. Nd6 Ba8 22. b4 Ne6 23. Bf3 Bxf3 24. Qxf3 Nd4 25. Qd5 Rxd6 
26. Qxd6 Nf3+ 27. Kg2 Nxd2 28. Qxd2 Rd8 29. Qc3 e4 30. Qc7 Rd2 31. Qxa7 Qf5 
32. Qb8+ Kh7 33. Qf4 Qe6 34. b5 g5 35. Qc7 Qf6 36. Rf1 Rxa2 37. Qc4 Qf3+ 
38. Kg1 Rb2 39. Qc6 Qf5 40. Qxb6 Rxb5 41. Qd4 Rd5 42. Qb2 h5 43. Qe2 g4 
44. Rd1 Rd3 45. Rb1 Qd5 46. Qb2 Rd2 47. Qf6 Rd1+ 48. Rxd1 Qxd1+ 49. Kg2 Qf3+ 
50. Qxf3 exf3+ 51. Kf1 Kg6 52. Ke1 Kf5 53. Kd2 Ke4 54. Kc3 Kd5 55. Kd3 f5 
56. Kc3 Kc5 57. Kb3 Kb5 58. Kc3 Kc5 59. Kb3 Kb5 60. Kc3 
1/2-1/2

[Event "34th Chess Olympiad (women)"]
[Site "Istanbul"]
[Date "2000.11.12"]
[Round "14.28.3"]
[White "Garcia, Edith"]
[Black "Lindiawati, Evi"]
[WhiteElo "2052"]
[BlackElo "2000"]
[WhiteCountry "MEX"]
[BlackCountry "INA"]
[Result "0-1"]

1. e4 e5 2. Nf3 Nc6 3. d4 exd4 4. Nxd4 Bc5 5. Be3 Qf6 6. c3 Nge7 7. Nc2 Bxe3 
8. Nxe3 d6 9. Be2 Qg6 10. Nd2 O-O 11. O-O f5 12. exf5 Nxf5 13. Qb3+ Kh8 
14. Bd3 Rb8 15. Rae1 Ne5 16. Bb1 Qh6 17. Ne4 Nh4 18. f4 Rxf4 19. Qd1 Rxf1+ 
20. Nxf1 Bg4 21. Qc1 Qh5 22. Neg3 Qf7 23. Kh1 Rf8 24. Ne3 Be6 25. Rf1 Qe7 
26. Qd1 Rxf1+ 27. Qxf1 Ng4 28. Nxg4 Bxg4 29. h3 Bd7 30. Qd3 Ng6 31. Ne2 Bc6 
32. Qc2 Nf8 33. Nd4 Bd7 34. Kh2 g6 35. Qf2 Kg7 36. Bd3 c5 37. Nf3 Bc6 
38. Qg3 Nd7 39. Qf4 Bxf3 40. Qxf3 Ne5 41. Qe4 Nc6 42. Qxe7+ Nxe7 43. Kg3 Kf6 
44. Kf4 d5 45. h4 h6 46. g4 g5+ 47. hxg5+ hxg5+ 48. Ke3 Ke5 49. b4 cxb4 
50. cxb4 d4+ 51. Kf3 Nd5 52. a3 Nc3 53. Bc4 Nb1 54. Ke2 Nxa3 55. Bb3 Ke4 
0-1

[Event "34th Chess Olympiad (women)"]
[Site "Istanbul"]
[Date "2000.11.12"]
[Round "14.29.1"]
[White "Goler, Isil"]
[Black "Blanco, Acevedo Maria Carolina"]
[WhiteElo "2000"]
[BlackElo "2030"]
[WhiteCountry "TURB"]
[BlackCountry "VEN"]
[Result "1/2-1/2"]

1. d4 d5 2. c4 c6 3. Nf3 e6 4. Nc3 f5 5. Ne5 Nf6 6. e3 Be7 7. cxd5 exd5 
8. Be2 O-O 9. Qc2 Ne4 10. O-O Nd7 11. f4 Ndf6 12. Rb1 g5 13. Nxe4 Nxe4 
14. b4 Qb6 15. Nd3 Be6 16. Nc5 Nxc5 17. bxc5 Qc7 18. Bd3 g4 19. g3 Rf6 
20. Rf2 Kf7 21. Qa4 Bc8 22. Rfb2 h5 23. Qc2 Qd7 24. Bd2 Qe6 25. Kf2 h4 
26. Rh1 Rh6 27. Rbb1 Qd7 
1/2-1/2

[Event "34th Chess Olympiad (women)"]
[Site "Istanbul"]
[Date "2000.11.12"]
[Round "14.29.2"]
[White "Martinez, Aleidi"]
[Black "Meseli, Perihan"]
[WhiteElo "2181"]
[BlackElo "2000"]
[WhiteCountry "VEN"]
[BlackCountry "TURB"]
[Result "1/2-1/2"]

1. e4 d5 2. exd5 Qxd5 3. Nf3 Nf6 4. Nc3 Qa5 5. d4 c6 6. Be2 Bf5 7. O-O e6 
8. Bf4 Nbd7 9. a3 Be7 10. h3 O-O 11. Re1 Rac8 
1/2-1/2

[Event "34th Chess Olympiad (women)"]
[Site "Istanbul"]
[Date "2000.11.12"]
[Round "14.29.3"]
[White "Aydin, Nazli"]
[Black "Sanchez, Aliris"]
[WhiteElo "2000"]
[BlackElo "2000"]
[WhiteCountry "TURB"]
[BlackCountry "VEN"]
[Result "0-1"]

1. e4 c5 2. Nf3 d6 3. Bb5+ Bd7 4. Bxd7+ Nxd7 5. O-O g6 6. c3 Bg7 7. d4 Ngf6 
8. Qe2 cxd4 9. cxd4 O-O 10. Nc3 e5 11. dxe5 dxe5 12. Bg5 Qa5 13. Rfd1 Rfd8 
14. Nd5 h6 15. Bd2 Qa4 16. Nb4 Nc5 17. Nxe5 Nfxe4 18. Ned3 a5 19. Rac1 Qb5 
20. a4 Nxa4 21. Qxe4 axb4 22. Be3 Nxb2 23. Nxb2 Bxb2 24. Rb1 Bg7 25. g3 b3 
26. Bd4 Ra4 27. Qd3 Qxd3 28. Rxd3 Raxd4 29. Rdxb3 Rd1+ 30. Rxd1 Rxd1+ 
31. Kg2 Rd7 
0-1

[Event "34th Chess Olympiad (women)"]
[Site "Istanbul"]
[Date "2000.11.12"]
[Round "14.30.1"]
[White "Ratcu, Tatiana"]
[Black "Sultan, Hoda"]
[WhiteElo "2240"]
[BlackElo "2000"]
[WhiteCountry "BRA"]
[BlackCountry "UAE"]
[Result "1/2-1/2"]

1. d4 Nf6 2. Nf3 g6 3. Nbd2 Bg7 4. e4 d6 5. Bc4 O-O 6. Qe2 Nc6 7. h3 e5 
8. dxe5 dxe5 9. c3 Qd6 10. a4 Be6 11. O-O Rad8 12. Re1 Nh5 13. Bxe6 Qxe6 
14. Qb5 b6 15. Nc4 Nf4 16. Ne3 Ne7 17. Bd2 c6 18. Qa6 Rd7 19. Red1 Rfd8 
20. Be1 Nd3 21. b4 Nxe1 22. Nxe1 Rxd1 23. Rxd1 Rxd1 24. Nxd1 Qb3 25. Qd3 Qxa4 
26. Nf3 f6 27. Qc4+ Kf8 28. Ne3 Qb5 29. Qe6 Qd3 30. Ng4 Qxe4 31. Nxf6 Qf4 
32. Ng5 Qc1+ 33. Kh2 Qf4+ 34. Kg1 Qc1+ 35. Kh2 Qf4+ 36. Kg1 Qc1+ 37. Kh2 Qf4+ 
1/2-1/2

[Event "34th Chess Olympiad (women)"]
[Site "Istanbul"]
[Date "2000.11.12"]
[Round "14.30.2"]
[White "Hussain, Noora"]
[Black "Ribeiro, Regina"]
[WhiteElo "2000"]
[BlackElo "2104"]
[WhiteCountry "UAE"]
[BlackCountry "BRA"]
[Result "1-0"]

1. e4 c5 2. c3 Nf6 3. e5 Nd5 4. d4 e6 5. Nf3 cxd4 6. cxd4 Nc6 7. a3 d6 
8. Bc4 Nb6 9. Bb5 Bd7 10. Nc3 a6 11. Bd3 Rc8 12. exd6 Bxd6 13. Ne4 Be7 
14. Bf4 O-O 15. Nd6 Bxd6 16. Bxd6 Re8 17. O-O Nd5 18. Ne5 Nxe5 19. dxe5 Qg5 
20. Re1 Nf4 21. g3 Nxd3 22. Qxd3 Bb5 23. Qb3 Bc6 24. Qe3 Qg4 25. Rac1 h5 
26. Rc3 Bd5 27. Bb4 Rxc3 28. Bxc3 Qh3 29. f3 h4 30. Qf2 hxg3 31. hxg3 Rc8 
32. Re3 Rc4 33. Qh2 Qf5 34. Qf2 Qh5 35. Kf1 g5 36. g4 Qh1+ 37. Ke2 Rf4 
38. Qg3 Qc1 39. Qe1 Bc4+ 40. Kf2 Qc2+ 41. Qd2 Qh7 42. Qd8+ 
1-0

[Event "34th Chess Olympiad (women)"]
[Site "Istanbul"]
[Date "2000.11.12"]
[Round "14.30.3"]
[White "Chaves, Joara"]
[Black "Hassan, Jawaher"]
[WhiteElo "2057"]
[BlackElo "2000"]
[WhiteCountry "BRA"]
[BlackCountry "UAE"]
[Result "1-0"]

1. e4 e5 2. Nf3 Nc6 3. Bb5 a6 4. Bxc6 dxc6 5. O-O Bg4 6. h3 h5 7. d3 Qf6 
8. Nbd2 Ne7 9. Re1 Ng6 10. d4 Bd6 11. hxg4 hxg4 12. Nh2 Rxh2 13. Qxg4 Qh4 
14. Qxh4 Rxh4 15. Nf3 Rh5 16. dxe5 Nxe5 17. Nxe5 Bxe5 18. g3 O-O-O 19. c3 Rdh8 
20. Kg2 g5 21. Be3 Rh2+ 22. Kf3 f6 23. Rad1 Rg8 24. Kg4 b6 25. Rh1 Rgh8 
26. Rxh2 Rxh2 27. Kf5 c5 28. f4 gxf4 29. gxf4 Bd6 30. Rd2 Rh3 31. Re2 Rh6 
32. Ke6 Kd8 33. Kf7 Rh8 34. Kxf6 Rf8+ 35. Kg7 Ke8 36. e5 Rf7+ 37. Kg6 Bf8 
38. Rh2 Rg7+ 39. Kf5 Rf7+ 40. Ke4 Bg7 41. Bf2 Kd7 42. f5 Re7 43. Bg3 c6 
44. Rd2+ Kc8 45. Rd6 Rc7 46. Rg6 Kd8 47. e6 Ke8 48. Bxc7 
1-0

[Event "34th Chess Olympiad (women)"]
[Site "Istanbul"]
[Date "2000.11.12"]
[Round "14.31.1"]
[White "Cast, Abigail"]
[Black "Zepeda, Sonia"]
[WhiteElo "2114"]
[BlackElo "2046"]
[WhiteCountry "WLS"]
[BlackCountry "ESA"]
[Result "1-0"]

1. d4 d5 2. c4 e6 3. Nc3 c6 4. cxd5 exd5 5. Qc2 Bd6 6. Nf3 Nf6 7. Bg5 h6 
8. Bxf6 Qxf6 9. Nxd5 Qd8 10. Nc3 O-O 11. e3 Re8 12. Be2 Qc7 13. h3 Be6 
14. Rc1 a6 15. Nd2 Nd7 16. O-O Rad8 17. Rfd1 f5 18. Bc4 Bxc4 19. Nxc4 Rf8 
20. Qb3 Kh7 21. Nxd6 Qxd6 22. Ne2 Rb8 23. Nf4 Nf6 24. Qe6 Qxe6 25. Nxe6 Rfe8 
26. Nf4 Ne4 27. d5 g5 28. Ne2 cxd5 29. Rxd5 Kg6 30. Rd7 Red8 31. Rcc7 Rxd7 
32. Rxd7 Nf6 33. Rc7 b6 34. Nc3 Rd8 35. Rc6 b5 36. e4 Kg7 37. e5 Ne8 
38. Rxa6 b4 39. Na4 Rd1+ 40. Kh2 Rd5 41. Rb6 
1-0

[Event "34th Chess Olympiad (women)"]
[Site "Istanbul"]
[Date "2000.11.12"]
[Round "14.31.2"]
[White "Pastor, Tahnya"]
[Black "Evans-Quek, Deborah"]
[WhiteElo "2000"]
[BlackElo "2150"]
[WhiteCountry "ESA"]
[BlackCountry "WLS"]
[Result "1/2-1/2"]

1. e4 c5 2. Nf3 d6 3. d4 cxd4 4. Nxd4 Nf6 5. f3 e6 6. c4 Be7 7. Be3 O-O 
8. Nc3 Nc6 9. Be2 Bd7 10. O-O Nxd4 11. Bxd4 Bc6 12. Qd2 Qa5 13. Rfd1 a6 
14. Nd5 Qd8 15. Bb6 Qd7 16. Nxe7+ Qxe7 17. Qxd6 Qxd6 18. Rxd6 Nd7 19. Bf2 Rfc8 
20. Rad1 Nf8 21. Bb6 e5 22. Bf1 f6 23. g3 Be8 24. b3 Rc6 25. Bh3 Kf7 
26. Rxc6 Bxc6 27. Kf2 Ne6 28. Ke3 Ke7 29. a4 Ng5 30. Bg2 Bd7 31. a5 Be6 
32. f4 Nf7 33. Bf1 Rc8 34. h4 g6 35. Be2 Nd6 36. g4 exf4+ 37. Kxf4 g5+ 
38. hxg5 fxg5+ 39. Ke3 Nf7 40. Rh1 h6 41. Bf3 Re8 42. Bd4 Kf8 43. Rf1 Kg8 
44. e5 Nd8 45. Bd5 Nc6 46. Bxc6 bxc6 47. Rf6 Kg7 48. Kf3 Rf8 49. Rxf8 Kxf8 
50. Bc5+ Ke8 51. Bd6 Kf7 52. Kg3 Ke8 53. Kf3 Kf7 54. Kg3 Ke8 55. Kf3 Kf7 
56. Ke4 
1/2-1/2

[Event "34th Chess Olympiad (women)"]
[Site "Istanbul"]
[Date "2000.11.12"]
[Round "14.31.3"]
[White "Powell, Annie"]
[Black "Nayda, Avalos"]
[WhiteElo "2000"]
[BlackElo "2000"]
[WhiteCountry "WLS"]
[BlackCountry "ESA"]
[Result "1-0"]

1. e4 e5 2. Nf3 Nc6 3. Bc4 Be7 4. O-O Nf6 5. d3 O-O 6. c3 d5 7. exd5 Nxd5 
8. Re1 Bf6 9. Nbd2 Bg4 10. Ne4 Be7 11. h3 Bh5 12. Ng3 Bxf3 13. Qxf3 Nb6 
14. Bb5 Bf6 15. Bxc6 bxc6 16. Qxc6 Qxd3 17. Qxc7 Qd5 18. Ne4 Bd8 19. Qc5 Qxc5 
20. Nxc5 Bf6 21. Be3 Rfd8 22. Rad1 Nc4 23. Bc1 Rac8 24. Ne4 Be7 25. Nd2 f6 
26. Nxc4 Rxc4 27. Rxd8+ Bxd8 28. Be3 a5 29. Rd1 Be7 30. Kf1 Kf8 31. Ke2 a4 
32. Kd3 Rc7 33. Kc2 a3 34. b3 Bb4 35. c4 Ke7 36. Rd5 g6 37. Bd2 Bxd2 
38. Kxd2 Ra7 39. Kc3 Ke6 40. b4 f5 41. Ra5 
1-0

[Event "34th Chess Olympiad (women)"]
[Site "Istanbul"]
[Date "2000.11.12"]
[Round "14.32.1"]
[White "Lim, Jean Nie"]
[Black "Mohammed, Janer"]
[WhiteElo "2168"]
[BlackElo "2000"]
[WhiteCountry "MAS"]
[BlackCountry "IRQ"]
[Result "1-0"]

1. e4 e5 2. Nf3 Nc6 3. Bb5 a6 4. Ba4 Nf6 5. O-O Be7 6. Re1 b5 7. Bb3 O-O 
8. c3 d6 9. h3 Na5 10. Bc2 c5 11. d4 Qc7 12. Nbd2 cxd4 13. cxd4 Ne8 14. Nf1 Bf6 
15. Ne3 g6 16. Nd5 Qd8 17. dxe5 dxe5 18. Bd2 Nc4 19. Bb4 Ncd6 20. Bc3 Bg7 
21. Bxe5 Be6 22. Bxg7 Nxg7 23. Bb3 Re8 24. Qd2 Rc8 25. Rad1 Nc4 26. Bxc4 Rxc4 
27. Qh6 f6 28. Ne3 Qc7 29. Nxc4 Bxc4 30. b3 Be6 31. Rc1 Qf7 32. Qf4 Nh5 
33. Qd6 a5 34. Rc7 Qf8 35. Qxf8+ Rxf8 36. Ra7 
1-0

[Event "34th Chess Olympiad (women)"]
[Site "Istanbul"]
[Date "2000.11.12"]
[Round "14.32.2"]
[White "Jamal, Jawan"]
[Black "Lee, Samantha"]
[WhiteElo "2000"]
[BlackElo "2000"]
[WhiteCountry "IRQ"]
[BlackCountry "MAS"]
[Result "1/2-1/2"]

1. d4 d5 2. Nf3 Nf6 3. c4 e6 4. Nc3 c6 5. Bg5 Be7 6. e3 Nbd7 7. Bd3 h6 
8. Bh4 O-O 9. O-O Re8 10. Qc2 Qc7 11. Bg3 Bd6 12. Bxd6 Qxd6 13. cxd5 exd5 
14. a3 Nf8 15. b4 Bd7 16. Ne5 Ng4 17. Nxg4 Bxg4 18. Na4 Rac8 19. Rfc1 Re7 
20. Qc5 Qxc5 21. Rxc5 Rec7 22. Rac1 Bd7 23. R5c2 Ne6 24. Nc5 Nxc5 25. bxc5 Re8 
26. a4 a5 27. Rb2 Bc8 28. Kf1 Kf8 
1/2-1/2

[Event "34th Chess Olympiad (women)"]
[Site "Istanbul"]
[Date "2000.11.12"]
[Round "14.32.3"]
[White "Siti, Zulaikha"]
[Black "Ameen, S."]
[WhiteElo "2000"]
[BlackElo "2152"]
[WhiteCountry "MAS"]
[BlackCountry "IRQ"]
[Result "1/2-1/2"]

1. e4 e5 2. Nf3 Nc6 3. Bb5 a6 4. Ba4 Nf6 5. O-O Be7 6. Re1 b5 7. Bb3 O-O 
8. c3 d6 9. h3 Na5 10. Bc2 c5 11. d4 Qc7 12. Nbd2 Bd7 13. Nf1 cxd4 
14. cxd4 Rac8 15. Ne3 Nc6 16. dxe5 Nxe5 17. Nxe5 dxe5 18. Bb3 Bc6 19. Nd5 Bxd5 
20. exd5 Bd6 21. Bg5 Nd7 
1/2-1/2

[Event "34th Chess Olympiad (women)"]
[Site "Istanbul"]
[Date "2000.11.12"]
[Round "14.33.1"]
[White "Monterroso Ochoa, Karla"]
[Black "Mateus, Martha"]
[WhiteElo "2000"]
[BlackElo "2318"]
[WhiteCountry "GUA"]
[BlackCountry "COL"]
[Result "0-1"]

1. e4 c5 2. d4 cxd4 3. c3 dxc3 4. Nxc3 Nc6 5. Bc4 d6 6. Nf3 e6 7. Qe2 a6 
8. a4 Nf6 9. O-O Qc7 10. Rd1 Be7 11. Bf4 Nh5 12. Be3 O-O 13. Rac1 Qa5 
14. Bd2 Qc7 15. Ba2 Qb8 16. Be3 Nf6 17. Bb6 Nd7 18. Be3 b6 19. Nd2 Bb7 
20. Nc4 b5 21. Nb6 Nxb6 22. Bxb6 b4 23. Nb1 Rc8 24. Nd2 Ne5 25. f4 Nd7 
26. Ba5 Bc6 27. Bb3 Ra7 28. Rc4 d5 29. exd5 Bxd5 30. Rxc8+ Qxc8 31. Bxd5 Qc5+ 
32. Kh1 Qxd5 33. Nc4 Qc5 34. b3 h6 35. Qe3 Qxe3 36. Nxe3 Nc5 37. Bxb4 Nxb3 
38. Bxe7 Rxe7 39. Rd8+ Kh7 40. Kg1 Rb7 41. Rd6 a5 42. Nc4 Rb4 43. Rb6 Rxc4 
44. Rxb3 Rxf4 45. Ra3 Kg6 46. g3 Rd4 47. h3 f5 48. Kf2 Kf6 49. Ke3 e5 
50. Ra1 g5 51. Ra2 f4+ 52. gxf4 gxf4+ 53. Ke2 Kf5 
0-1

[Event "34th Chess Olympiad (women)"]
[Site "Istanbul"]
[Date "2000.11.12"]
[Round "14.33.3"]
[White "Mazariegos Kummerfeld, Silvia"]
[Black "Ortiz, Nadya"]
[WhiteElo "2034"]
[BlackElo "2000"]
[WhiteCountry "GUA"]
[BlackCountry "COL"]
[Result "1-0"]

1. e4 e5 2. Nf3 Nc6 3. d3 Nf6 4. Be2 Bc5 5. h3 O-O 6. c3 d5 7. Nbd2 a6 
8. a4 Ba7 9. Qc2 Re8 10. O-O Nh5 11. Re1 Nf4 12. Bf1 Qf6 13. exd5 Qg6 
14. Ne4 Nxd5 15. Kh2 f5 16. Ng3 Kh8 17. b4 Nxc3 18. Qxc3 Bxf2 19. Nh1 Bxe1 
20. Nxe1 Be6 21. Bb2 Qf7 22. Nf3 Bd5 23. Re1 Bxf3 24. gxf3 Nd4 25. Bg2 f4 
26. Nf2 Qd7 27. Ng4 Qd5 28. Re4 Rad8 29. Qe1 Nc6 30. Nxe5 Nxe5 31. Bxe5 Rf8 
32. d4 c6 33. a5 Rf7 34. Bxf4 Rdf8 35. Be5 Qa2 36. f4 Rd8 37. Qg3 Qb2 
38. d5 Qb1 39. d6 Qd1 40. Qc3 Qa4 41. Re3 
1-0